<?xml version="1.0" encoding="UTF-8"?>
<marc:record xmlns:marc="http://www.loc.gov/MARC21/slim" type="Bibliographic">
   <marc:leader>00000nam a2200000 c 4500</marc:leader>
   <marc:controlfield tag="001">98007536X</marc:controlfield>
   <marc:controlfield tag="003">DE-101</marc:controlfield>
   <marc:controlfield tag="005">20171202000530.0</marc:controlfield>
   <marc:controlfield tag="007">tu</marc:controlfield>
   <marc:controlfield tag="008">060608s2006    gw ||||| |||| 00||||ger  </marc:controlfield>
   <marc:datafield ind1=" " ind2=" " tag="015">
      <marc:subfield code="a">06,A36,0898</marc:subfield>
      <marc:subfield code="2">dnb</marc:subfield>
   </marc:datafield>
   <marc:datafield ind1="7" ind2=" " tag="016">
      <marc:subfield code="2">DE-101</marc:subfield>
      <marc:subfield code="a">98007536X</marc:subfield>
   </marc:datafield>
   <marc:datafield ind1=" " ind2=" " tag="020">
      <marc:subfield code="a">9783426871720</marc:subfield>
      <marc:subfield code="c">kart. : EUR 7.95</marc:subfield>
      <marc:subfield code="9">978-3-426-87172-0</marc:subfield>
   </marc:datafield>
   <marc:datafield ind1=" " ind2=" " tag="020">
      <marc:subfield code="a">3426871726</marc:subfield>
      <marc:subfield code="c">kart. : EUR 7.95</marc:subfield>
      <marc:subfield code="9">3-426-87172-6</marc:subfield>
   </marc:datafield>
   <marc:datafield ind1=" " ind2=" " tag="035">
      <marc:subfield code="a">(DE-599)DNB98007536X</marc:subfield>
   </marc:datafield>
   <marc:datafield ind1=" " ind2=" " tag="035">
      <marc:subfield code="a">(OCoLC)166023647</marc:subfield>
   </marc:datafield>
   <marc:datafield ind1=" " ind2=" " tag="040">
      <marc:subfield code="a">9832</marc:subfield>
      <marc:subfield code="b">ger</marc:subfield>
      <marc:subfield code="c">DE-101</marc:subfield>
      <marc:subfield code="d">9999</marc:subfield>
   </marc:datafield>
   <marc:datafield ind1=" " ind2=" " tag="041">
      <marc:subfield code="a">ger</marc:subfield>
   </marc:datafield>
   <marc:datafield ind1=" " ind2=" " tag="044">
      <marc:subfield code="c">XA-DE</marc:subfield>
   </marc:datafield>
   <marc:datafield ind1="7" ind2="4" tag="082">
      <marc:subfield code="a">610</marc:subfield>
      <marc:subfield code="a">150</marc:subfield>
      <marc:subfield code="q">DE-101</marc:subfield>
      <marc:subfield code="2">22sdnb</marc:subfield>
   </marc:datafield>
   <marc:datafield ind1=" " ind2=" " tag="090">
      <marc:subfield code="a">b</marc:subfield>
   </marc:datafield>
   <marc:datafield ind1="1" ind2=" " tag="100">
      <marc:subfield code="0">(DE-588)120098644</marc:subfield>
      <marc:subfield code="0">http://d-nb.info/gnd/120098644</marc:subfield>
      <marc:subfield code="0">(DE-101)120098644</marc:subfield>
      <marc:subfield code="a">Schäfer, Thomas</marc:subfield>
      <marc:subfield code="d">1960-</marc:subfield>
      <marc:subfield code="e">Verfasser</marc:subfield>
      <marc:subfield code="4">aut</marc:subfield>
   </marc:datafield>
   <marc:datafield ind1="0" ind2="0" tag="245">
      <marc:subfield code="a">Wenn Liebe allein den Kindern nicht hilft</marc:subfield>
      <marc:subfield code="b">heilende Wege in Bert Hellingers Psychotherapie</marc:subfield>
      <marc:subfield code="c">Thomas Schäfer</marc:subfield>
   </marc:datafield>
   <marc:datafield ind1=" " ind2=" " tag="250">
      <marc:subfield code="a">Vollst. Taschenbuchausg.</marc:subfield>
   </marc:datafield>
   <marc:datafield ind1=" " ind2=" " tag="259">
      <marc:subfield code="a">vot</marc:subfield>
   </marc:datafield>
   <marc:datafield ind1=" " ind2="1" tag="264">
      <marc:subfield code="a">München</marc:subfield>
      <marc:subfield code="b">Knaur</marc:subfield>
      <marc:subfield code="c">2006</marc:subfield>
   </marc:datafield>
   <marc:datafield ind1=" " ind2=" " tag="300">
      <marc:subfield code="a">198 S.</marc:subfield>
      <marc:subfield code="c">18 cm</marc:subfield>
   </marc:datafield>
   <marc:datafield ind1=" " ind2=" " tag="336">
      <marc:subfield code="a">Text</marc:subfield>
      <marc:subfield code="b">txt</marc:subfield>
      <marc:subfield code="2">rdacontent</marc:subfield>
   </marc:datafield>
   <marc:datafield ind1=" " ind2=" " tag="337">
      <marc:subfield code="a">ohne Hilfsmittel zu benutzen</marc:subfield>
      <marc:subfield code="b">n</marc:subfield>
      <marc:subfield code="2">rdamedia</marc:subfield>
   </marc:datafield>
   <marc:datafield ind1=" " ind2=" " tag="338">
      <marc:subfield code="a">Band</marc:subfield>
      <marc:subfield code="b">nc</marc:subfield>
      <marc:subfield code="2">rdacarrier</marc:subfield>
   </marc:datafield>
   <marc:datafield ind1="1" ind2=" " tag="490">
      <marc:subfield code="a">Knaur</marc:subfield>
      <marc:subfield code="v">87172 : Mens sana</marc:subfield>
   </marc:datafield>
   <marc:datafield ind1=" " ind2=" " tag="500">
      <marc:subfield code="a">Literaturverz. S. 193 - [199]. - Früher als: Knaur ; 77687</marc:subfield>
   </marc:datafield>
   <marc:datafield ind1=" " ind2="7" tag="650">
      <marc:subfield code="0">(DE-588)4030550-8</marc:subfield>
      <marc:subfield code="0">http://d-nb.info/gnd/4030550-8</marc:subfield>
      <marc:subfield code="0">(DE-101)040305503</marc:subfield>
      <marc:subfield code="a">Kind</marc:subfield>
      <marc:subfield code="2">gnd</marc:subfield>
   </marc:datafield>
   <marc:datafield ind1=" " ind2="7" tag="650">
      <marc:subfield code="0">(DE-588)4062872-3</marc:subfield>
      <marc:subfield code="0">http://d-nb.info/gnd/4062872-3</marc:subfield>
      <marc:subfield code="0">(DE-101)040628728</marc:subfield>
      <marc:subfield code="a">Verhaltensstörung</marc:subfield>
      <marc:subfield code="2">gnd</marc:subfield>
   </marc:datafield>
   <marc:datafield ind1=" " ind2="7" tag="650">
      <marc:subfield code="0">(DE-588)4521350-1</marc:subfield>
      <marc:subfield code="0">http://d-nb.info/gnd/4521350-1</marc:subfield>
      <marc:subfield code="0">(DE-101)954975618</marc:subfield>
      <marc:subfield code="a">Familienstellen</marc:subfield>
      <marc:subfield code="2">gnd</marc:subfield>
   </marc:datafield>
   <marc:datafield ind1="0" ind2="0" tag="689">
      <marc:subfield code="0">(DE-588)4030550-8</marc:subfield>
      <marc:subfield code="0">http://d-nb.info/gnd/4030550-8</marc:subfield>
      <marc:subfield code="0">(DE-101)040305503</marc:subfield>
      <marc:subfield code="D">s</marc:subfield>
      <marc:subfield code="a">Kind</marc:subfield>
   </marc:datafield>
   <marc:datafield ind1="0" ind2="1" tag="689">
      <marc:subfield code="0">(DE-588)4062872-3</marc:subfield>
      <marc:subfield code="0">http://d-nb.info/gnd/4062872-3</marc:subfield>
      <marc:subfield code="0">(DE-101)040628728</marc:subfield>
      <marc:subfield code="D">s</marc:subfield>
      <marc:subfield code="a">Verhaltensstörung</marc:subfield>
   </marc:datafield>
   <marc:datafield ind1="0" ind2="2" tag="689">
      <marc:subfield code="0">(DE-588)4521350-1</marc:subfield>
      <marc:subfield code="0">http://d-nb.info/gnd/4521350-1</marc:subfield>
      <marc:subfield code="0">(DE-101)954975618</marc:subfield>
      <marc:subfield code="D">s</marc:subfield>
      <marc:subfield code="a">Familienstellen</marc:subfield>
   </marc:datafield>
   <marc:datafield ind1="0" ind2=" " tag="689">
      <marc:subfield code="5">DE-101</marc:subfield>
      <marc:subfield code="5">DE-101</marc:subfield>
   </marc:datafield>
   <marc:datafield ind1=" " ind2="0" tag="830">
      <marc:subfield code="a">Knaur</marc:subfield>
      <marc:subfield code="v">87172 : Mens sana</marc:subfield>
      <marc:subfield code="w">(DE-101)015116468</marc:subfield>
      <marc:subfield code="w">(DE-600)969893-0</marc:subfield>
      <marc:subfield code="9">587172</marc:subfield>
      <marc:subfield code="7">as</marc:subfield>
   </marc:datafield>
   <marc:datafield ind1=" " ind2=" " tag="850">
      <marc:subfield code="a">DE-101a</marc:subfield>
      <marc:subfield code="a">DE-101b</marc:subfield>
   </marc:datafield>
   <marc:datafield ind1="r" ind2=" " tag="925">
      <marc:subfield code="a">ra</marc:subfield>
   </marc:datafield>
</marc:record>
